000 00764nas a2200253 4500
001 BR0904161
003 BR-BrBNA
005 20231205113242.0
007 ta
008 230509b bl.|||p| |||| 00| 00por d
040 _aBR-BrBNA
_bpor
_cBiblioteca Nacional de Agricultura
041 _a(Pt)
072 _aA01
100 1 _aSanches, I. del A.
100 1 _aEpiphanio, J.C.N.
100 1 _aFormaggio, A.R.
245 1 _aCulturas agrícolas em imagens multitemporais do satélite Landsat.
650 _aAGRICULTURA
650 _aSENSORIAMENTO REMOTO
650 _aLANDSAT
773 0 _tAgricultura em São Paulo (Brazil)
_xISSN 0044-6793
_g(Jan-Jun 2005), v. 52(1) p. 83-96
_wBR0904161
909 _a202311
_bLúcia
_c55
_dLúcia Elande
942 _2AGRIS
_n0
_cANA
999 _c202714
_d202714